New rules could affect tenants' rights (Record no. 65150)

MARC details
000 -LEADER
fixed length control field 00904cam a2200205 4500
001 - CONTROL NUMBER
control field WB3643-23
008 - FIXED-LENGTH DATA ELEMENTS--GENERAL INFORMATION
fixed length control field 000000n2000 000 0 eng u
035 ## - SYSTEM CONTROL NUMBER
System control number (Sirsi) u109112
245 ## - TITLE STATEMENT
Title New rules could affect tenants' rights
260 ## - PUBLICATION, DISTRIBUTION, ETC.
Date of publication, distribution, etc. 2000
490 ## - SERIES STATEMENT
Series statement NFU Business
Volume/sequential designation November 2000, 10(1)
520 ## - SUMMARY, ETC.
Summary, etc. The Agricultural Holdings (Units of Production) (England) Order 2000 SI 2000:1984(came into force 12 September 2000), will be used to assess whether land which is the subject of a tenancy forms a unit of commercial land for the purposes of succession to agricultural tenancies.
590 ## - LOCAL NOTE (RLIN)
Local note WB
650 ## - SUBJECT ADDED ENTRY--TOPICAL TERM
Topical term or geographic name entry element PROPERTY-LANDLORD AND TENANT-TENANCIES-AGRICULTURAL TENANCIES
650 ## - SUBJECT ADDED ENTRY--TOPICAL TERM
Topical term or geographic name entry element AGRICULTURAL HOLDINGS (UNITS OF PRODUCTION) (ENGLAND) ORDER 2000
650 ## - SUBJECT ADDED ENTRY--TOPICAL TERM
Topical term or geographic name entry element SUCCESSION TO TENANCY
650 ## - SUBJECT ADDED ENTRY--TOPICAL TERM
Topical term or geographic name entry element INHERITANCE
690 ## - LOCAL SUBJECT ADDED ENTRY--TOPICAL TERM (OCLC, RLIN)
Topical term or geographic name as entry element LANDLORD AND TENANT-AGRICULTURAL TENANCIES
942 ## - ADDED ENTRY ELEMENTS (KOHA)
Suppress in OPAC 0
Holdings
Withdrawn status Lost status Source of classification or shelving scheme Damaged status Not for loan Home library Current library Shelving location Date acquired Total Checkouts Full call number Barcode Date last seen Copy number Price effective from Koha item type
    Dewey Decimal Classification     London London News article 02/11/2000   WB3643-23 109112-1001 06/08/2019 1 06/08/2019 News article